| 000 | 00000nam 2200000za 4500 |
| 001 | 9.643750 |
| 003 | CaOODSP |
| 005 | 20240624082225 |
| 007 | cr ||||||||||| |
| 008 | 150407|1961||||xxc|||||o f|0| 0 fre d |
| 040 | |aCaOODSP|bfre |
| 043 | |an-cn--- |
| 086 | 1 |aZ1-1959/3-1F-PDF |
| 245 | 00|aCommission royale d'enquête sur les transports. Vol. I |h[ressource électronique] / |cM.A. MacPherson, président. |
| 260 | |aOttawa : |bBureau du Conseil privé, |c1961. |
| 300 | |a124 p. |
| 500 | |a« Mars 1961. » |
| 500 | |aPublication historique numérisée en 2010 par le Bureau du Conseil privé du Canada. Le n° de catalogue (Z1-1960/3-1F) de l'édition imprimée a été copié dans l'édition électronique. |
| 590 | |a15-04-Supp|b2015-03-19 |
| 691 | 07|aCommission d'enquête|2gcpds |
| 691 | 07|aTransport|2gcpds |
| 710 | 1 |aCanada. |bBureau du Conseil privé. |
| 775 | 08|tRoyal Commission on Transportation. Vol. I / |w(CaOODSP)9.699773 |
| 856 | 40|ahttp://publications.gc.ca|qPDF|s5.34 Mo|uhttps://publications.gc.ca/collections/collection_2014/bcp-pco/Z1-1960-3-1-fra.pdf |